| 000 | 00654nam a22002057a 4500 | ||
|---|---|---|---|
| 005 | 20140205123147.0 | ||
| 010 | _aENG-109226 | ||
| 020 |
_c145.00 _a9788129000583 |
||
| 035 | _aEN-92759 | ||
| 037 | _bDBAD/PUB | ||
| 082 | _a363.1927 | ||
| 100 | _aDudeja, Puja | ||
| 245 |
_aFood handlers : _cby Puja Dudeja ,Sukhpal Kaur [and] Amarjeet Singh _ba crucial link in food safety / |
||
| 260 |
_aChandigarh _bNew Era Book Agency _c2012 |
||
| 270 |
_aSCO 49-51, Sector -17 C, Post Box -52__ _bChandigarh _e160017 |
||
| 300 |
_a128p. _c22cm(pbk) |
||
| 700 | _aSukhpal Kaur | ||
| 700 | _aAmarjeet Singh | ||
| 942 |
_2ddc _cEN _mDUD _h363.1927 |
||
| 999 |
_c82296 _d82296 |
||